书目信息 |
| 题名: |
眼科医生的公开课
|
|
| 作者: | ;王志强 主编 | |
| 分册: | ||
| 出版信息: | 北京 中国铁道出版社 2015 |
|
| 页数: | 170页 | |
| 开本: | 24cm | |
| 丛书名: | ||
| 单 册: | ||
| 中图分类: | R77 | |
| 科图分类: | ||
| 主题词: | 眼科学--基本知识 | |
| 电子资源: | ||
| ISBN: | 978-7-113-20211-8 | |
| 000 | 01264nam0 2200265 450 | |
| 001 | 012015000205 | |
| 005 | 20151130093426.09 | |
| 010 | @a978-7-113-20211-8@dCNY36.00 | |
| 100 | @a20150712d2015 em y0chiy50 ea | |
| 101 | 0 | @achi |
| 102 | @aCN@b110000 | |
| 105 | @aa z 000yy | |
| 106 | @ar | |
| 200 | 1 | @a眼科医生的公开课@Ayan ke yi sheng de gong kai ke@f《眼科医生的公开课》编委会编 |
| 210 | @a北京@c中国铁道出版社@c中国人口出版社@d2015 | |
| 215 | @a170页@c图@d24cm | |
| 312 | @a封面英文题名: The public class of ophthalmic surgeons | |
| 314 | @a主编:王志强 | |
| 330 | @a眼睛是人体的重要器官,世界上绝大多数的信息都要靠眼睛来获取。眼部疾患除了影响生活的各个方面,还会严重影响人的心理健康。因此,一双明亮的眼睛对人们的日常生活质量非常重要。 许多疾病通过眼底的观察是可以早期发现的。在致盲性眼病中,很多也是可以早期治疗和预防的,有些眼病即使到了失明的程度还可以通过有效的治疗逆转,恢复一些视力。因此,人们掌握一些眼科医学常识,正确认识眼病,防患于未然,早期发现并意识到异常情况,及时就医治疗,才能够保证一生拥有一双健康明亮的眼睛。 | |
| 510 | 1 | @aPublic class of ophthalmic surgeons@zeng |
| 606 | 0 | @a眼科学@x基本知识 |
| 690 | @aR77@v5 | |
| 702 | 0 | @a王志强@Awang zhi qiang@4主编 |
| 801 | 0 | @aCN@b碧洲教育@c20151127 |
| 905 | @a10447@f4@dR77@e12 | |
| 眼科医生的公开课/《眼科医生的公开课》编委会编.-北京:中国铁道出版社:中国人口出版社,2015 |
| 170页:图;24cm |
| ISBN 978-7-113-20211-8:CNY36.00 |
| 眼睛是人体的重要器官,世界上绝大多数的信息都要靠眼睛来获取。眼部疾患除了影响生活的各个方面,还会严重影响人的心理健康。因此,一双明亮的眼睛对人们的日常生活质量非常重要。 许多疾病通过眼底的观察是可以早期发现的。在致盲性眼病中,很多也是可以早期治疗和预防的,有些眼病即使到了失明的程度还可以通过有效的治疗逆转,恢复一些视力。因此,人们掌握一些眼科医学常识,正确认识眼病,防患于未然,早期发现并意识到异常情况,及时就医治疗,才能够保证一生拥有一双健康明亮的眼睛。 |
| ● |
| 相关链接 |
|
|
|
|
正题名:眼科医生的公开课
索取号:R77/12
 
预约/预借
| 序号 | 登录号 | 条形码 | 馆藏地/架位号 | 状态 | 备注 |
| 1 | 0871181 | 208711811 | 第二样本阅览室/ [索取号:R77/12] | 在馆 | |
| 2 | 0871182 | 208711820 | 第三借阅区/ [索取号:R77/12] | 在馆 | |
| 3 | 0871183 | 208711839 | 第三借阅区/ [索取号:R77/12] | 在馆 | |
| 4 | 0871184 | 208711848 | 第三借阅区/ [索取号:R77/12] | 在馆 |